000 00452nam a2200169 a 4500
020 _a0130221201
040 _cDLC
082 0 0 _a512 PRE 1990 A030 Or.
100 1 _aHall, Bettye C.
245 1 0 _aAlgebra 2, with trigonometry :
_bsolutions manual /
260 _aEnglewood Cliffs, N.J. :
_bPrentice Hall,
_cc1990.
300 _a645 p. :
_bill. ;
_c24 cm.
650 0 _aAlgebra.
650 0 _aTrigonometry.
700 1 _aFabricant, Mona.
942 _cEK
999 _c11525
_d11525